000
00209 a2200097 4500
001
30536
100
_a
Shera
245
_a
Librarianship ki imrani bunyaadein
260
_a
_b
Pak Lib
_c
090
_c
20466
_d
20466
942
_a
NUST-CAE
_c
M
_c
11632
999
_c
265609
_d
265609